00568nam a2200181Ia 450000500170000000800410001702000150005808200150007310000240008824500680011226000460018030000190022665000110024565000120025694200060026895200970027499900150037120240405022420.0240331s9999 xx 000 0 und d a8170367603 bFRAa330.9 aFrank, Gunder Andre 0aReorient :bglobal economy in the Asian agecAndre Gunder Frank aNew Delhi :bVistaar Publications /c1998 axxix, 416 p ., aGlobal aHistory cL 001040708LaWERCLbWERCLcSSCd2024-03-31l0o 330.9 FRAp2761r2024-03-31w2024-03-31yL c2581d2581